000 00839cam a2200265 a 4500
001 12591819
003 NUST - PNEC
005 20170116180850.0
008 011116s2001 enka b 001 0 eng
010 _a 2001280073
020 _a0750646810
040 _cLIBRARY
050 0 0 _aQD921
_b.H84 2001
082 0 0 _a548.842 HUL
_221
100 1 _aHull, Derek.
245 1 0 _aIntroduction to dislocations /
_cD. Hull and D.J. Bacon.
250 _a4th ed.
260 _aOxford [Oxfordshire] ;
_aBoston :
_bButterworth-Heinemann,
_c2001.
300 _avii, 242 p. :
_bill. ;
_c25 cm.
504 _aIncludes bibliographical references and index.
650 0 _aDislocations in crystals.
_x-
906 _a7
_bcbc
_corigcop
_d3
_encip
_f20
_gy-gencatlg
942 _2ddc
_cBK
999 _c64591
_d64591